000 01779nam a2200313 a 4500
008 120416s2000 ||||||||||||||||| || u
020 _a9068321285
050 _aS 633 Man
100 _aDefoer, Toon
245 1 0 _aManaging soil fertility in the tropics: a resource guide for participatory learning and action research.
_cedited by Toon Defoer and Arnoud Budelman.
260 _aAmsterdam
_bRoyal Tropical Institute
_c2000
300 _avols. : ill., maps ; + 1 CD-ROM (4 3/4 in.)
350 _a0.00
500 _aAccompanied by a CD-ROM
650 _aSUSTAINABLE AGRICULTURE--TROPICS
650 _aSoil fertility - Tropics
650 _aSOIL FERTILITY--RESEARCH
650 _aSOILS
650 _aFertilizers - Tropics
650 _aSoil management - Tropics
700 _aBudelman, Arnoud
995 _aREFERENCE BOOKS
_D0.00
_e740228
_FCBU-MAIN LIBRARY (Kitwe)
_H2
_I50.00
_jS 633 MAN
_M1
_UREFERENCE
_y740228
_ZReference Collection
995 _aREFERENCE BOOKS
_D0.00
_e734568
_FCBU-MAIN LIBRARY (Kitwe)
_H5
_I50.00
_jS 633 MAN
_M4
_UREFERENCE
_y48105
_ZReference Collection
995 _aREFERENCE BOOKS
_D0.00
_e734372
_FCBU-MAIN LIBRARY (Kitwe)
_H1
_I0.00
_jS 633 MAN
_M7
_UREFERENCE
_WDec 10, 2010
_y46539
_ZReference Collection
995 _aREFERENCE BOOKS
_D0.00
_e734570
_FCBU-MAIN LIBRARY (Kitwe)
_H4
_I50.00
_jS 633 MAN
_M3
_UREFERENCE
_y48103
_ZReference Collection
995 _aREFERENCE BOOKS
_D0.00
_e734569
_FCBU-MAIN LIBRARY (Kitwe)
_H6
_I50.00
_jS 633 MAN
_M5
_UREFERENCE
_y48107
_ZReference Collection
995 _aREFERENCE BOOKS
_D0.00
_e47023
_FCBU-MAIN LIBRARY (Kitwe)
_H3
_I50.00
_jS 633 MAN
_M2
_UREFERENCE
_y47023
_ZReference Collection
995 _aREFERENCE BOOKS
_D0.00
_e73471
_FCBU-MAIN LIBRARY (Kitwe)
_H1
_I0.00
_jS 633 MAN
_M6
_UREFERENCE
_WDec 10, 2010
_y46541
_ZReference Collection
999 _c82571
_d82571